000
00299nam a2200109Ia 4500
008
230907s9999||||xx |||||||||||||| ||und||
082
_a
6.3
_b
COM
100
_a
Zobaa, Ahmed F.
_9
115518
245
0
_a
Computational intelligence applications in smart grids :
300
_a
xv, 245 pages :
942
_c
BK
999
_c
598643
_d
598643